La nupcialidad de las mujeres solteras en la América Latina

שמור ב:
מידע ביבליוגרפי
מחבר ראשי: Camisa, Zulma
פורמט: Texto
יצא לאור: San José: CELADE
נושאים:
תגים: הוספת תג
אין תגיות, היה/י הראשונ/ה לתייג את הרשומה!

MARC

LEADER 00000 a a2200000 04500
001 16430
003
040
090 |a 1005 C183n  
100 |a Camisa, Zulma  
245 |a La nupcialidad de las mujeres solteras en la América Latina  
260 |a San José:   |b CELADE  
300 |a 140 p.  
300 |b **no definido**   |b fonodiscos  
650 |a NUPCIALIDAD  
999 |c 5810  |d 5810